Messy - Renee Rapp (All Lyrics) - Statistics

General Stats
  • This quiz has been taken 29 times
  • The average score is 280 of 320
Answer Stats
Lyrics % Correct
I
100%
"I
100%
I'm
100%
me
100%
messy,
100%
messy
100%
messy)
100%
(Messy)
100%
And
92%
and
92%
as
92%
back
92%
but
92%
But
92%
flag
92%
it,
92%
It
92%
it
92%
just
92%
know
92%
laid
92%
like
92%
met
92%
No
92%
"No)
92%
notice
92%
on
92%
one
92%
red
92%
so
92%
that
92%
That
92%
think
92%
to
92%
You
92%
you
92%
you",
92%
aisle
85%
all
85%
bathroom
85%
big
85%
'Cause
85%
crazy
85%
crying
85%
dirty
85%
Don't
85%
don't
85%
ever
85%
exes
85%
fast
85%
floor
85%
forget
85%
four
85%
from
85%
gets
85%
go
85%
got
85%
grocery
85%
"Gross"
85%
Half
85%
how
85%
I'll
85%
in
85%
is
85%
it's
85%
leads
85%
looks
85%
love
85%
Loving
85%
(Loving
85%
make
85%
Man,
85%
miss
85%
moms
85%
move
85%
my
85%
myself
85%
none
85%
now
85%
of
85%
regret
85%
right
85%
say,
85%
say
85%
store
85%
the
85%
them
85%
too
85%
Where
85%
why
85%
will
85%
against
77%
believe
77%
cheating?
77%
fake
77%
nothing
77%
(Ooh,
77%
(Ooh)
77%
perfect
77%
really
77%
scenarios
77%
soon
77%
surface
77%
Trust
77%
leaving,
69%
less
69%
Made
69%
test
69%
even
62%
might
62%
Pretend
62%
we're
62%
ask
54%
if
54%
sure
54%
yours
54%
am
46%
No matching quizzes found
Score Distribution
Percent of People with Each Score
Percentile by Number Answered
Your Score History
You have not taken this quiz